Olympischer Medaillenspiegel - London 2012 - Statistiken

Allgemein
  • Dieses Quiz wurde 33 mal gespielt
  • Das Durchschnittsergebnis liegt bei 9 aus 10
Antwortstatistiken
Gold Silber Bronze Gesamt Land % Korrekt
39 31 22 92 China
100%
11 20 13 44 Deutschland
100%
48 26 30 104 Vereinigte Staaten
100%
7 14 17 38 Japan
97%
8 9 11 28 Italien
93%
18 21 26 65 Russland
93%
8 15 12 35 Australien
87%
11 11 13 35 Frankreich
87%
29 18 18 65 Großbritannien
87%
13 9 9 31 Südkorea
67%
Keine übereinstimmenden Quizze gefunden
Verteilung der Resultate
Anzahl Personen mit jedem Resultat
Perzentil nach korrekt beantworteten Fragen
Ihre Resultats-Entwicklung
Sie haben dieses Quiz noch nicht gespielt